000 nam a22 7a 4500
999 _c129655
_d129655
008 190528b xxu||||| |||| 00| 0 eng d
050 _aPR3553.N422
100 _aMilton, John
_915973
245 _aPoems of 1645 ad Cosmus
_c/ by Milton John
260 _aLondon:
_bCollins Publishers,
_c1974.
300 _a272p. ;
_c18cm.
440 _aCollins annotated students texts
_946536
700 _aNellist, Brian
_eed.
_946535
942 _2lcc
_cMONOGRAPH